Estatuto de Autonoma̕ y rǧimen fiscal de Melilla

Detalles Bibliográficos
Otros Autores: Fernǹdez Pavš, Mara̕ Još
Formato: Desconocido
Lenguaje:español
Publicado: Barcelona : Cedecs 1998
Colección:Cedecs derecho financiero y tributario
Materias:
Acceso en línea:Acceso restringido

MARC

LEADER 00000ny a22000003n 4500
005 20110614135951.0
008 090812s1998 sp 001 0 spa
020 |a 9788495027269 
035 |a 3324 
040 |a SpMaBN  |d vLex 
080 |a 351.713 
090 |c 675  |d 675 
245 0 0 |a Estatuto de Autonoma̕ y rǧimen fiscal de Melilla  |h [Recurso electrn̤ico]  |c Mara̕ Jos ̌Fernǹdez (coord.) 
256 |a Servicio en ln̕ea 
260 |a Barcelona :  |b Cedecs  |c 1998 
300 |a 368 p. ;  |c 22 cm 
490 1 |a Cedecs derecho financiero y tributario 
506 1 |a Contenido solo disponible en los productos indicados  |d vLex Global  |d vLex Global (Academic Edition, excluding Law Schools)  |d vLex Global (U.S. Academic Edition, Law Schools)  |d vLex Global (U.S. Academic Edition, excluding Law Schools)  |d vLex Global (Academic Edition, Law Schools) 
650 0 7 |a Estatutos de autonoma̕  |2 Tesauro vLex 
650 0 7 |a Ceuta y melilla  |2 Tesauro vLex 
700 1 |a Fernǹdez Pavš, Mara̕ Još 
740 0 |a vLex Libros (Servicios en ln̕ea) 
830 0 |a Cedecs derecho financiero y tributario 
856 4 0 |u http://vlex.com/source/3324  |z Acceso restringido 
942 |c BOOK 
999 0 |a Constitutions  |b Barcelona